Tập làm văn chọn lọc 5 tiểu học
v.v...
Đã lưu trong:
| Tác giả chính: | |
|---|---|
| Định dạng: | Sách |
| Năm xuất bản: |
H.
Nxb Hà Nội
2006
|
| Chủ đề: | |
| Tags: |
Thêm thẻ
Không có thẻ, Hãy là người đầu tiên gắn thẻ bản ghi này!
|
| LEADER | 02873nam a2200337 4500 | ||
|---|---|---|---|
| 999 | |c 11007 |d 11007 | ||
| 082 | |a 372.623 |b T123l. | ||
| 100 | |a Tạ Đức Hiền | ||
| 245 | |a Tập làm văn chọn lọc 5 tiểu học |c Tạ Đức Hiền, Nguyễn Trung Kiên, Phạm Đức Minh,... | ||
| 260 | |a H. |b Nxb Hà Nội |c 2006 | ||
| 300 | |a 151 tr. |c 24 cm. | ||
| 520 | |a v.v... | ||
| 653 | |a Giáo dục tiểu học | ||
| 653 | |a Tập làm văn | ||
| 653 | |a Lớp 5 | ||
| 942 | |2 ddc |c STK0 | ||
| 952 | |0 0 |1 0 |2 ddc |4 0 |6 372_623000000000000_T123L |7 0 |8 300 |9 94753 |a qbu |b qbu |c D2 |d 2015-09-29 |g 15000 |o 372.623 T123l. |p 10923.c1 |r 0000-00-00 |w 2015-09-29 |y STK0 | ||
| 952 | |0 0 |1 0 |2 ddc |4 0 |6 372_623000000000000_T123L |7 0 |8 300 |9 94754 |a qbu |b qbu |c D2 |d 2015-09-29 |g 15000 |o 372.623 T123l. |p 10923.c2 |r 0000-00-00 |w 2015-09-29 |y STK0 | ||
| 952 | |0 0 |1 0 |2 ddc |4 0 |6 372_623000000000000_T123L |7 0 |8 300 |9 94755 |a qbu |b qbu |c D2 |d 2015-09-29 |g 15000 |o 372.623 T123l. |p 10923.c3 |r 0000-00-00 |w 2015-09-29 |y STK0 | ||
| 952 | |0 0 |1 0 |2 ddc |4 0 |6 372_623000000000000_T123L |7 0 |8 300 |9 94756 |a qbu |b qbu |c D2 |d 2015-09-29 |g 15000 |o 372.623 T123l. |p 10923.c4 |r 0000-00-00 |w 2015-09-29 |y STK0 | ||
| 952 | |0 0 |1 0 |2 ddc |4 0 |6 372_623000000000000_T123L |7 0 |8 300 |9 94757 |a qbu |b qbu |c D2 |d 2015-09-29 |g 15000 |o 372.623 T123l. |p 10923.c5 |r 0000-00-00 |w 2015-09-29 |y STK0 | ||
| 952 | |0 0 |1 0 |2 ddc |4 0 |6 372_623000000000000_T123L |7 0 |8 300 |9 94758 |a qbu |b qbu |c D2 |d 2015-09-29 |g 15000 |o 372.623 T123l. |p 10923.c6 |r 0000-00-00 |w 2015-09-29 |y STK0 | ||
| 952 | |0 0 |1 0 |2 ddc |4 0 |6 372_623000000000000_T123L |7 0 |8 300 |9 94759 |a qbu |b qbu |c D2 |d 2015-09-29 |g 15000 |o 372.623 T123l. |p 10923.c7 |r 0000-00-00 |w 2015-09-29 |y STK0 | ||
| 952 | |0 0 |1 0 |2 ddc |4 0 |6 372_623000000000000_T123L |7 0 |8 300 |9 94760 |a qbu |b qbu |c D2 |d 2015-09-29 |g 15000 |o 372.623 T123l. |p 10923.c8 |r 0000-00-00 |w 2015-09-29 |y STK0 | ||
| 952 | |0 0 |1 0 |2 ddc |4 0 |6 372_623000000000000_T123L |7 0 |8 300 |9 94761 |a qbu |b qbu |c D2 |d 2015-09-29 |g 15000 |o 372.623 T123l. |p 10923.c9 |r 0000-00-00 |w 2015-09-29 |y STK0 | ||
| 952 | |0 0 |1 0 |2 ddc |4 0 |6 372_623000000000000_T123L |7 0 |8 300 |9 94762 |a qbu |b qbu |c D2 |d 2015-09-29 |g 15000 |o 372.623 T123l. |p 10923.c10 |r 0000-00-00 |w 2015-09-29 |y STK0 | ||
| 952 | |0 0 |1 0 |2 ddc |4 0 |6 372_623000000000000_T123L |7 0 |8 300 |9 94763 |a qbu |b qbu |c D2 |d 2015-09-29 |g 15000 |o 372.623 T123l. |p 10923.c11 |r 0000-00-00 |w 2015-09-29 |y STK0 | ||
| 952 | |0 0 |1 0 |2 ddc |4 0 |6 372_623000000000000_T123L |7 0 |8 300 |9 94764 |a qbu |b qbu |c D2 |d 2015-09-29 |g 15000 |o 372.623 T123l. |p 10923.c12 |r 0000-00-00 |w 2015-09-29 |y STK0 | ||
| 952 | |0 0 |1 0 |2 ddc |4 0 |6 372_623000000000000_T123L |7 0 |8 300 |9 94765 |a qbu |b qbu |c D2 |d 2015-09-29 |g 15000 |o 372.623 T123l. |p 10923.c13 |r 0000-00-00 |w 2015-09-29 |y STK0 | ||
| 952 | |0 0 |1 0 |2 ddc |4 0 |6 372_623000000000000_T123L |7 0 |8 300 |9 94766 |a qbu |b qbu |c D2 |d 2015-09-29 |g 15000 |o 372.623 T123l. |p 10923.c14 |r 0000-00-00 |w 2015-09-29 |y STK0 | ||
| 952 | |0 0 |1 0 |2 ddc |4 0 |6 372_623000000000000_T123L |7 0 |8 300 |9 94767 |a qbu |b qbu |c D2 |d 2015-09-29 |g 15000 |o 372.623 T123l. |p 10923.c15 |r 0000-00-00 |w 2015-09-29 |y STK0 | ||